000 00328nam a22001337a 4500
008 171127b xxu||||| |||| 00| 0 eng d
020 _a9780697395979
041 _aeng
080 _a54
100 _a12
101 _aKIM
245 _aCHEMISTRY TH EMOLECULAR NATURE OF MATTER AND CHANGE
_cSILBERBERG.P
942 _2udc
_cBK
999 _c38562
_d38562